• 首页
  • 本馆介绍
  • 公告通知
  • 最新文献
  • 馆藏检索
  • 电子资源
  • 读者导购
  • 参考咨询
  • 我的图书馆
  • 登录
  • 详细信息显示
  • 放入我的书架
  • 预约/预借图书
  • 作者相关作品
  • 分类相关作品
  • 丛书相关作品
  • 出版社相关作品

书目信息

  • 表格格式
  • 工作单格式
  • 卡片格式
题名:
数字草业
    
 
作者: 辛晓平 著
分册:  
出版信息: 北京   科学出版社  2015.11
页数: 450页
开本: 27cm
丛书名:
单 册:
中图分类: S812.5-39
科图分类:
主题词: 数字技术--应用--草原建设--研究
电子资源:
ISBN: 978-7-03-044541-4
000 00774nam0 2200229 450
001 4677
005 20181012153839.28
010    @a978-7-03-044541-4@b精装@dCNY198.00
100    @a20150920d2015 em y0chiy50 ea
101 0  @achi
102    @aCN@b110000
105    @aa z 000yy
200 1  @a数字草业@9shu zi cao ye@e理论、技术与实践@f辛晓平等著
210    @a北京@c科学出版社@d2015.11
215    @a450页@c图@d27cm
330    @a本书从数字草业的科学原理、技术发展、产品应用三个方面,提炼了我国现代数字草业理论与技术框架。
510 1  @aDigital grassland@etheory, technology and practice@zeng
606 0  @a数字技术@x应用@x草原建设@x研究
690    @aS812.5-39@v5
701  0 @a辛晓平@9xin xiao ping@4著
801  0 @aCN@b91MARC@c20150920
905    @aMuseLib@dS812.5-39@e173
    
    数字草业:理论、技术与实践/辛晓平等著.-北京:科学出版社,2015.11
    450页:图;27cm
    
    
    ISBN 978-7-03-044541-4(精装):CNY198.00
    本书从数字草业的科学原理、技术发展、产品应用三个方面,提炼了我国现代数字草业理论与技术框架。
●
相关链接 在E读中查询图书 在五车中查询图书 在当当中查询图书 在豆瓣中查询图书


正题名:数字草业     索取号:S812.5-39/173         预约/预借

序号 登录号 条形码 馆藏地/架位号 状态 备注
1 1126189   211261891   第二样本阅览室/ [索取号:S812.5-39/173] 在馆    
2 1126190   211261908   第三借阅区/ [索取号:S812.5-39/173] 在馆    
唐山师范学院图书馆 欢迎您!
大连网信软件有限公司© 版权所有